<?xml version="1.0" encoding="UTF-8"?>
<record
    xmlns:xsi="http://www.w3.org/2001/XMLSchema-instance"
    xsi:schemaLocation="http://www.loc.gov/MARC21/slim http://www.loc.gov/standards/marcxml/schema/MARC21slim.xsd"
    xmlns="http://www.loc.gov/MARC21/slim">

  <leader>00927nam a2200157Ia 4500</leader>
  <controlfield tag="008">210323s9999||||xx |||||||||||||| ||und||</controlfield>
  <datafield tag="040" ind1=" " ind2=" ">
    <subfield code="c">STCPL</subfield>
  </datafield>
  <datafield tag="041" ind1=" " ind2=" ">
    <subfield code="h">ENG</subfield>
  </datafield>
  <datafield tag="082" ind1=" " ind2=" ">
    <subfield code="a">575.01</subfield>
    <subfield code="b">GOP-P</subfield>
  </datafield>
  <datafield tag="100" ind1=" " ind2=" ">
    <subfield code="a">Sambasivalah Itta</subfield>
  </datafield>
  <datafield tag="245" ind1=" " ind2="0">
    <subfield code="a">Principles of organic evolution</subfield>
  </datafield>
  <datafield tag="260" ind1=" " ind2=" ">
    <subfield code="a">Delhi</subfield>
    <subfield code="b">Himalaya Publishing House,</subfield>
    <subfield code="c">1991</subfield>
  </datafield>
  <datafield tag="300" ind1=" " ind2=" ">
    <subfield code="a">192P.22CM</subfield>
  </datafield>
  <datafield tag="650" ind1=" " ind2=" ">
    <subfield code="a">Organic Evolution And GeneticsTheoryATOMIC STRUCTURE AND THE PERIODIC TABLE, LOCALIZED BONDING, SYMMETRY, MOLECULAR ORBITAL THEORY, HYDROGEN BONDING AND WEAK INTERACTIONS, INORGANIC SOLIDS, COORDINATION COMPOUNDS - BONDING AND SPECTRA, STEREOCHEMISTRY OF COORDINATION COMPOUNDS, ORGANOMETALLIC CHEMISTRY, PREDICTION AND CORRELATION OF OXIDATION -REDUCTION REACTIONS, ACIDS AND BASES, THE CHEMISTRY OF SOME NONMETALS, CHEMISTRY AND PERIODIC TREDNS OF COMPOUNDS OF METALS, BORON HYDRIDES CLUSTER AND CAGE COMPOUNDS, ASPECTS OF BIOINORGANIC CHEMISTRY</subfield>
  </datafield>
  <datafield tag="942" ind1=" " ind2=" ">
    <subfield code="c">BK</subfield>
  </datafield>
  <datafield tag="999" ind1=" " ind2=" ">
    <subfield code="c">35956</subfield>
    <subfield code="d">35956</subfield>
  </datafield>
  <datafield tag="952" ind1=" " ind2=" ">
    <subfield code="0">0</subfield>
    <subfield code="1">0</subfield>
    <subfield code="4">0</subfield>
    <subfield code="7">0</subfield>
    <subfield code="a">STCPL</subfield>
    <subfield code="b">STCPL</subfield>
    <subfield code="c">P 2</subfield>
    <subfield code="d">2021-07-10</subfield>
    <subfield code="g">150.00</subfield>
    <subfield code="l">0</subfield>
    <subfield code="o">575.01 GOP-P</subfield>
    <subfield code="p">53490</subfield>
    <subfield code="r">2021-07-10 00:00:00</subfield>
    <subfield code="w">2021-07-10</subfield>
    <subfield code="y">BK</subfield>
  </datafield>
</record>
